<?xml version="1.0" encoding="UTF-8"?>
<collection xmlns="http://www.loc.gov/MARC21/slim">
 <record>
  <leader>00527nam a22001575a 4500</leader>
  <controlfield tag="001">EHU.bham008520</controlfield>
  <controlfield tag="003">AR-BHAM</controlfield>
  <controlfield tag="005">20071227143108.0</controlfield>
  <controlfield tag="008">130507s1951##################000#0#####d</controlfield>
  <datafield tag="082" ind1="8" ind2="2">
   <subfield code="a">822.9</subfield>
  </datafield>
  <datafield tag="100" ind1="1" ind2=" ">
   <subfield code="a">Shaw, Bernard</subfield>
  </datafield>
  <datafield tag="245" ind1="1" ind2="0">
   <subfield code="a">Comedias agradables: armas y el hombre.- candida.- el hombre del destino.- nunca puede saberse /</subfield>
   <subfield code="c">Bernard Shaw.</subfield>
  </datafield>
  <datafield tag="260" ind1=" " ind2=" ">
   <subfield code="a">Buenos Aires :</subfield>
   <subfield code="b">Sudamericana,</subfield>
   <subfield code="c">1951</subfield>
  </datafield>
  <datafield tag="300" ind1=" " ind2=" ">
   <subfield code="a">421 p.</subfield>
  </datafield>
  <datafield tag="653" ind1=" " ind2=" ">
   <subfield code="a">Teatro ingles-1901-</subfield>
  </datafield>
  <datafield tag="859" ind1=" " ind2=" ">
   <subfield code="a">AR-BHAM</subfield>
   <subfield code="b">BIB. HUMANIDADES - General</subfield>
   <subfield code="h">822.9</subfield>
   <subfield code="i">Sh26-2</subfield>
   <subfield code="p">316.91</subfield>
   <subfield code="t">Ej.1</subfield>
  </datafield>
 </record>
</collection>
